Normal view
MARC view
- Maddux, Robert B.
Entry Personal Name
001 - CONTROL NUMBER
- control field: 6644
003 - CONTROL NUMBER IDENTIFIER
- control field: OSt
005 - DATE AND TIME OF LATEST TRANSACTION
- control field: 20170522093021.0
008 - FIXED-LENGTH DATA ELEMENTS
- fixed length control field: 170522|| aca||aabn | a|a d
040 ## - CATALOGING SOURCE
- Original cataloging agency: OSt
- Transcribing agency: OSt
100 ## - HEADING--PERSONAL NAME
- Personal name: Maddux, Robert B.
670 ## - SOURCE DATA FOUND
- Source citation: Work cat.: (OSt)0: Maddux, Robert B., Team building :, 1991

PORTAL AKMAL
E-MEL JKDM
AKMAL2U
G-BAM
u-PUSTAKA